Statistieken voor Bij welke voetbalclub hoort dit stadion?

Klik hier om de quiz te nemen!

Algemene statistieken

  • Deze quiz is 302 keer genomen
  • De gemiddelde score is 8 van 30

Antwoordstatistieken

Antwoord% Correct
Valencia
81%
Barcelona
66%
Manchester United
50%
Atalanta
49%
Ajax
45%
Chelsea
43%
Juventus
43%
AC Milan
32%
Feyenoord
31%
Atletico Madrid
29%
FC Metz
27%
Tottenham Hotspur
26%
Real Betis
25%
PSG
24%
AS Roma
23%
FC Bayern München
23%
Heracles Almelo
23%
Real Madrid
20%
Borussia Dortmund
19%
Everton
19%
Inter Milan
18%
Bayer Leverkusen
17%
Olympique Marseille
15%
PSV
15%
Schalke 04
15%
FC Twente
13%
AS Monaco
11%
Olympique Lyon
7%
Manchester City
6%
FC Köln
5%

Scoreverdeling

Percentiel versus Aantal Correcte Antwoorden

Procent van Mensen met Elke Score

Uw Scoregeschiedenis

U heeft deze quiz nog niet genomen